000 00937nam a2200277 i 4500
003 DO-SdBNP
005 20241219092240.0
007 ta
008 240313s1963 dr ad 000 j spa d
040 _aDO-SdBNP
_bspa
_cBNPHU
_erda
041 _aspa
082 4 _a633.71097293
_bD636c
_222
245 1 0 _a12 consejos prácticos para los cosecheros de tabaco
246 1 3 _aDoce consejos prácticos para los cosecheros de tabaco
264 1 _aSantiago, República Dominicana :
_bInstituto del Tabaco,
_c1963.
300 _a18 páginas ;
_c24 cm.
336 _atexto
_btxt
_2rdacontent
337 _asin mediación
_bn
_2rdamedia
338 _avolumen
_bnc
_2rdacarrier
590 _aInventariado, 2024/ DG
650 7 _aTabaco
_xcultivo
_921028
650 7 _aTabaco
_zRepública Dominicana
_986788
710 2 _aInstituto del Tabaco de la República Dominicana
_986789
910 _aDG/Validado. Control de calidad MFF
942 _2ddc
_cLF2
999 _c56092
_d56092